MARC

LEADER 00000nam0a2200000 4500
001 174676
005 20231101223157.0
035 |a (RuTPU)RU\TPU\book\189423 
090 |a 174676 
100 |a 20100202d1961 m y0rusy50 ca 
101 0 |a rus 
102 |a RU 
105 |a a z 001zy 
200 1 |a Оптические измерения  |e учебное пособие  |f В. А. Афанасьев 
210 |a Москва  |c Геодезиздат  |d 1961 
215 |a 239 с.  |c ил. 
320 |a Библиогр.: с. 235-237. 
606 |a Оптические измерения  |2 stltpush  |3 (RuTPU)RU\TPU\subj\69863  |9 84538 
610 1 |a оптика 
610 1 |a измерения 
610 1 |a оптические приборы 
610 1 |a оптическое стекло 
610 1 |a оптические характеристики 
610 1 |a аберрации 
610 1 |a оптические системы 
610 1 |a фотометрирование 
610 1 |a спектрофотометрия 
610 1 |a спектрофотометрические измерения 
610 1 |a методы 
610 1 |a приборы 
610 1 |a учебные пособия 
675 |a 535(075.8)  |v 3 
700 1 |a Афанасьев  |b В. А.  |g Владимир Александрович 
801 1 |a RU  |b 63413507  |c 20100202 
801 2 |a RU  |b 63413507  |c 20180222  |g RCR 
942 |c BK